Leadership in health care / (Record no. 79056)

MARC details
000 -LEADER
fixed length control field 01349nam a2200265Ia 4500
003 - CONTROL NUMBER IDENTIFIER
control field URS
005 - DATE AND TIME OF LATEST TRANSACTION
control field 20250616144231.0
008 - FIXED-LENGTH DATA ELEMENTS--GENERAL INFORMATION
fixed length control field 240418s9999 xx 000 0 und d
040 ## - CATALOGING SOURCE
Language of cataloging English
Transcribing agency URS
Description conventions rda
050 ## - LIBRARY OF CONGRESS CALL NUMBER
Classification number RA394.9
Item number .B27 2019
100 ## - MAIN ENTRY--PERSONAL NAME
Personal name Barr, Jill,
Relator term author.
245 #0 - TITLE STATEMENT
Title Leadership in health care /
Statement of responsibility, etc Jill Barr & Lesley Dowding.
264 ## - PUBLICATION, DISTRIBUTION, ETC. (IMPRINT)
Place of publication, distribution, etc Los Angeles :
Name of publisher, distributor, etc Sage Publications,
Date of publication, distribution, etc ©2019.
300 ## - PHYSICAL DESCRIPTION
Extent xvi, 343 pages :
Other physical details illustrations (black and white) ;
Dimensions 25 cm.
336 ## - CONTENT TYPE
Content type term text
Content type code txt
Source rdacontent
337 ## - MEDIA TYPE
Media type term unmediated
Media type code n
Source rdamedia
338 ## - CARRIER TYPE
Carrier type term volume
Carrier type code nc
Source rdacarrier
504 ## - BIBLIOGRAPHY, ETC. NOTE
Bibliography, etc Includes bibliographical references and index.
505 ## - FORMATTED CONTENTS NOTE
Formatted contents note Part I. The individual -- The nature of leadership -- What makes a leader? -- Culture, diversity and values -- Theories of leadership -- Part II. The team -- Team life -- Interdisciplinary and interprofessional working -- Communication and leadership -- Problem solving -- Ethical, legal and professional aspects in leadership -- Managing conflict -- Emotional intelligence -- Part III. The organization -- Theory of organisational life --Quality -- Leadership for change
650 #0 - SUBJECT ADDED ENTRY--TOPICAL TERM
Topical term or geographic name as entry element Health services administration
9 (RLIN) 5584
650 #0 - SUBJECT ADDED ENTRY--TOPICAL TERM
Topical term or geographic name as entry element Nursing services
General subdivision Administration.
9 (RLIN) 2066
650 #0 - SUBJECT ADDED ENTRY--TOPICAL TERM
Topical term or geographic name as entry element Leadership.
9 (RLIN) 84
700 ## - ADDED ENTRY--PERSONAL NAME
Personal name Dowding, Lesley,
Relator term author.
9 (RLIN) 6219
942 ## - ADDED ENTRY ELEMENTS (KOHA)
Koha item type Reserved Books
Source of classification or shelving scheme Library of Congress Classification
Holdings
Withdrawn status Lost status Source of classification or shelving scheme Damaged status Not for loan Collection code Home library Current library Shelving location Date acquired Source of acquisition Total Checkouts Full call number Barcode Date last seen Copy number Koha item type
    Library of Congress Classification     Non-fiction Taytay College Library Taytay College Library Reserve Section 04/19/2024 Donation   RA394.9 .B27 2019 URSTAY-5416 04/19/2024 1 Reserved Books

University of Rizal System
Email us at univlibservices@urs.edu.ph

Visit our Website www.urs.edu.ph/library